000 00254nam a2200097Ia 4500
008 230915s9999 xx 000 0 und d
050 _aRM 300 F 85 2009
100 _aFULCHER EUGENIA M.
245 0 _aPHARMACOLOGY :PRINCIPLES AND APPLICATION
942 _cBK
999 _c199516
_d199516